Hakuna matata- lyrics - Statistics

General Stats
  • This quiz has been taken 42 times
  • The average score is 148 of 211
Answer Stats
Answer % Correct
Hakuna
100%
hakuna
100%
i
100%
I
100%
it
100%
Matata
100%
matata
100%
means
100%
no
100%
the
100%
worries
100%
ya
100%
you
100%
a
97%
days
97%
for
97%
it's
97%
its
97%
of
97%
your
97%
rest
94%
free
91%
philosophy
91%
phrase
91%
problem
91%
our
88%
What
88%
what
88%
wonderful
88%
passing
78%
ain't
75%
he
66%
craze
63%
was
63%
when
59%
young
59%
warthog
56%
every
53%
not
50%
oh
50%
meal
47%
motto
47%
my
47%
shame
47%
what's
47%
after
44%
name
44%
Pumbaa
44%
that
44%
with
44%
and
41%
could
41%
downwind
41%
in
41%
friends
38%
ashamed
34%
clear
34%
I'm
34%
kids
34%
soul
34%
stood
34%
though
34%
appeal
31%
certain
31%
changing
31%
front
31%
hurt
31%
never
31%
nothing
31%
savana
31%
seem
31%
sensitive
31%
sorry
31%
thought
31%
aroma
28%
everytime
28%
found
28%
his
28%
matter
28%
nice
28%
thanks
28%
thick-skinned
28%
downhearted
25%
got
25%
how
25%
say
25%
very
25%
why
25%
yeah
25%
all
22%
here
22%
did
19%
feel
16%
Hey
16%
lacked
16%
take
16%
thats
16%
words
16%
problems
13%
will
13%
right
9%
those
9%
solve
6%
mame
0%
No matching quizzes found
Score Distribution
Percent of People with Each Score
Percentile by Number Answered
Your Score History
You have not taken this quiz